000 00459nam a2200193Ia 4500
008 240510s9999 xx 000 0 und d
020 _a0008120316398
041 _aEng
082 _a005.118
082 _bB17
100 _aBATES J : TOMPKINS T.
245 0 _aPRACTICAL VISUAL C++ 6
260 _bNEWDELHI : PRINTICE HALL
260 _c1999
300 _a832 p.
650 _aVISUAL C : OBJECT ORIENTED PROGRAMMING
942 _2ddc
942 _cLBK
999 _c26737
_d26737
945 _a1
_bMadushi Gamage
_c1
_dMadushi Gamage